<?xml version="1.0" encoding="UTF-8"?>
<collection xmlns="http://www.loc.gov/MARC21/slim">
 <record>
  <leader>01438nam a2200181Ia 4500</leader>
  <controlfield tag="001">CTU_143608</controlfield>
  <controlfield tag="008">210402s9999    xx            000 0 und d</controlfield>
  <datafield tag="082" ind1=" " ind2=" ">
   <subfield code="a">634.9095</subfield>
  </datafield>
  <datafield tag="082" ind1=" " ind2=" ">
   <subfield code="b">R336</subfield>
  </datafield>
  <datafield tag="110" ind1=" " ind2=" ">
   <subfield code="a">Regional Community Forestry Training Center (RECOFIC)</subfield>
  </datafield>
  <datafield tag="245" ind1=" " ind2="0">
   <subfield code="a">Regional Community Forestry Training Center</subfield>
  </datafield>
  <datafield tag="260" ind1=" " ind2=" ">
   <subfield code="a">Bangkok, Thailand</subfield>
  </datafield>
  <datafield tag="260" ind1=" " ind2=" ">
   <subfield code="b">Regional community forestry training center</subfield>
  </datafield>
  <datafield tag="520" ind1=" " ind2=" ">
   <subfield code="a">In March 1987, RECOFTC was established in response to the need for a regional institution focused on community forestry training, research, and information exchange. RECOFTC's original objective was to organize and provide training support for community forestry throughout the Asia-Pacific region. It undertook and facilitated training courses, workshops, seminars, research, technical assistance, information exchange, and linkages with appropriate institutions and individuals. It was the Asian network facilitator for the Forest, Trees and People Program (FTPP) of FAO. RECOFTC's program expanded to include the Thailand Outreach Program, funded by the Ford Foundation. In addition, the Regional Outreach Program initiated activities in China and Vietnam.</subfield>
  </datafield>
  <datafield tag="650" ind1=" " ind2=" ">
   <subfield code="a">Forest management,Forest management,Quản lý rừng,Quản lý rừng</subfield>
  </datafield>
  <datafield tag="650" ind1=" " ind2=" ">
   <subfield code="z">Asia,Pacific Area,Châu Á,Châu Á Thái Bình Dương</subfield>
  </datafield>
  <datafield tag="904" ind1=" " ind2=" ">
   <subfield code="i">Trọng Hiếu</subfield>
  </datafield>
  <datafield tag="980" ind1=" " ind2=" ">
   <subfield code="a">Trung tâm Học liệu Trường Đại học Cần Thơ</subfield>
  </datafield>
 </record>
</collection>
